000 00654nam a2200229 a 4500
999 _c2583
_d2583
003 PK-NaQUE
005 20250922153343.0
008 241129b ||||| |||| 00| 0 eng d
020 _a0071155767 (paperback)
020 _a9780071155762 (paperback)
040 _cQUEST
100 1 _aUllman, David
245 1 4 _aThe Mechanical Design Process /
250 _aSecond Edition.
260 _a[S.l.] :
_bMCGRAW-HILL PUBLISHING CO.,
_c1997.
300 _a416 p. ;
650 _aMachine design
650 _aMechanical engineering
650 _aMechanics
856 4 0 _uhttp://10.10.170.122:8080/browse/book/1962
_yDownload eBook
942 _cBK
_2ddc